000 00645nam a22001697a 4500
005 20251012153602.0
008 251012b |||||||| |||| 00| 0 eng d
020 _a9784861660221
_qhbk
041 _aeng
082 _a071.52
_bSYN
110 _aEdition Synapse
_bYokohama Archives of History
245 _aThe Japan Weekly Mail
_b: reprint series i: 1870 - 1899 ; part 3: 1880 - 1884
_cEdition Synapse in associated with Yokohama Archives of History
260 _aJapan
_bEdition Synapse
_c2006
300 _a500
_b30 cm
500 _aV26 -- September to December 1880 ; V30 -- January to May 1882 ; V24 -- January to April 1880
942 _cREF
999 _c591482
_d591482